00833nam a2200253 a 450000100060000000300080000600500170001400800410003103500350007203500190010704000410012604100080016708200210017510000530019624500430024925000160029226000530030830000430036149000630040450400320046765000180049965000190051783000430053674767BD-RjUL20211209082610.0181202s1960 miuac b s000 0 eng c aOCLC ocm01362167 from D971027M a(BD-RjUL)74985 aDLC/ICUcCGUdDLCdEQOdBD-RjULbeng aeng00a589.25bSPA 19601 aSparrow, F. K.q(Frederick Kroeber),d1903-1977.10aAquatic Phycomycetes /cF. K. Sparrow. a2d rev. ed. aAnn Arbor :bUniversity of Michigan Press,c1960 axxv, 1187 p. :billus., ports.c25 cm.1 aUniversity of Michigan studies. Scientific series ;vv. 15 aBibliography: p. 1105-1164. 0aPhycomycetes. 0aAquatic fungi. 0aUniversity of Michigan studies.vv. 15